Los vigilantes silenciosos (Registro nro. 180975)
[ vista simple ]
| 000 -LEADER | |
|---|---|
| campo de control de longitud fija | 01004nam a2200253 i 4500 |
| 001 - NÚMERO DE CONTROL | |
| campo de control | 180975 |
| 003 - IDENTIFICADOR DE NÚMERO DE CONTROL | |
| campo de control | ES-MaACL |
| 005 - FECHA Y HORA DE LA ÚLTIMA TRANSACCIÓN | |
| campo de control | 20251011063157.0 |
| 008 - DATOS DE LONGITUD FIJA--INFORMACIÓN GENERAL | |
| campo de control de longitud fija | 120921s2011 sp abo |||| | spa d |
| 020 ## - NÚMERO INTERNACIONAL ESTÁNDAR DEL LIBRO | |
| Número Internacional Estándar del Libro | 978-84-938546-1-4 |
| 080 ## - NÚMERO DE LA CLASIFICACIÓN DECIMAL UNIVERSAL | |
| Número de la Clasificación Decimal Universal | 725.18.036(460.12) |
| 080 ## - NÚMERO DE LA CLASIFICACIÓN DECIMAL UNIVERSAL | |
| Número de la Clasificación Decimal Universal | 355.48(460.12)"1936/39" |
| 100 1# - ENTRADA PRINCIPAL--NOMBRE DE PERSONA | |
| Nombre de persona | Huerta Nuño, Manuel Antonio, |
| Fechas asociadas al nombre | 1976- |
| 9 (RLIN) | 151431 |
| 245 14 - MENCIÓN DEL TÍTULO | |
| Título | Los vigilantes silenciosos |
| Resto del título | : las construcciones de la Guerra Civil en Asturias / |
| Mención de responsabilidad, etc. | Manuel Antonio Huerta Nuño. |
| 260 ## - PUBLICACIÓN, DISTRIBUCIÓN, ETC. | |
| Lugar de publicación, distribución, etc. | Grado (Asturias) : |
| Nombre del editor, distribuidor, etc. | La Cruz de Grado, |
| Fecha de publicación, distribución, etc. | 2011. |
| 300 ## - DESCRIPCIÓN FÍSICA | |
| Extensión | 217 p. : |
| Otras características físicas | il. col. y n., fot., mapas ; |
| Dimensiones | 22 x 22 cm. |
| 504 ## - NOTA DE BIBLIOGRAFÍA, ETC. | |
| Nota de bibliografía, etc. | Bibliografía: p. 193-195. |
| 650 #7 - PUNTO DE ACCESO ADICIONAL DE MATERIA--TÉRMINO DE MATERIA | |
| Término de materia o nombre geográfico como elemento de entrada | Arquitectura militar- |
| Subdivisión geográfica | Asturias (Comunidad Autónoma) |
| 9 (RLIN) | 151432 |
| 651 #7 - PUNTO DE ACCESO ADICIONAL DE MATERIA--NOMBRE GEOGRÁFICO | |
| Nombre geográfico | Asturias (Comunidad Autónoma)- |
| Subdivisión general | Historia militar- |
| Subdivisión cronológica | 1936-1939. |
| 9 (RLIN) | 151433 |
| 852 ## - LOCALIZACIÓN | |
| Ubicación | ES-MaACL |
| Número de control de estantería | A-12198 |
| itemnumber | 187856 |
| Sublocalización o colección | R.147171 |
| Ubicación en estantería | Depósito 1 |
| Signatura antigua | Olim: N-5203 |
| 942 ## - ELEMENTOS DE ENTRADA SECUNDARIOS (KOHA) | |
| Fuente del sistema de clasificación o colocación | Clasificación decimal universal |
| Tipo de ítem Koha | Libro impreso |
| Estatus retirado | Estado de pérdida | Fuente del sistema de clasificación o colocación | Estado de daño | No para préstamo | Biblioteca de origen | Biblioteca actual | Ubicación en estantería | Fecha de adquisición | Fuente de adquisición | Total de préstamos | Signatura topográfica completa | Código de barras | Visto por última vez | Precio de reemplazo | Tipo de ítem Koha |
|---|---|---|---|---|---|---|---|---|---|---|---|---|---|---|---|
| Clasificación decimal universal | Biblioteca del Ateneo de Madrid | Biblioteca del Ateneo de Madrid | Depósito 1 | 21/09/2012 | Donación | A-12198 | 1190179 | 23/02/2023 | 23/02/2023 | Libro impreso |
